Transformadores de potencia, de medida y de protección
Guardat en:
| Autor principal: | |
|---|---|
| Format: | Llibre |
| Idioma: | Spanish |
| Publicat: |
México : Alfaomega
1991
|
| Edició: | 7 ed. renovada |
| Matèries: | |
| Etiquetes: |
Afegir etiqueta
Sense etiquetes, Sigues el primer a etiquetar aquest registre!
|
MARC
| LEADER | 00000nam a2200000Ia 4500 | ||
|---|---|---|---|
| 003 | 000463 | ||
| 005 | 20221231144006.0 | ||
| 008 | 140114s1991 mx a 000 ||spa d | ||
| 020 | |a 9686223452 | ||
| 040 | |c cru CEDI | ||
| 082 | |a 621.314 R222t | ||
| 100 | |a Ras Oliva, Enrique |9 19542 | ||
| 245 | |a Transformadores de potencia, de medida y de protección | ||
| 250 | |a 7 ed. renovada | ||
| 260 | |a México : Alfaomega |c 1991 | ||
| 300 | |a xiv, 283 páginas ;ilustraciones | ||
| 650 | |x TRANSFORMADORES ELECTRICOS |9 19543 | ||
| 942 | |2 ddc |c BK | ||
| 999 | |c 15293 |d 15293 | ||



